000 00587nam a2200289Ia 4500
005 20260401122119.0
008 008 250103s9999 xx 000 0 eng d
037 _aTB
040 _aEDL
040 _beng
040 _cEDL
041 _2eng
041 _aeng
084 _a842 MOL
084 _qEDL
100 _aMoliere
245 0 _aMiser and Other Plays
245 0 _cMoliere
260 _aLondon
260 _bPenguin Books
260 _c2000
300 _a304p
942 _cTB
942 _h842 MOL
999 _c1844999
_d1844999